Qiṣṣah da Pīr Bābā, (Record no. 67553)

MARC details
000 -LEADER
fixed length control field 00590cam a22002051 4500
001 - CONTROL NUMBER
control field sa 66001013
003 - CONTROL NUMBER IDENTIFIER
control field DLC
005 - DATE AND TIME OF LATEST TRANSACTION
control field 20260227112219.0
008 - FIXED-LENGTH DATA ELEMENTS--GENERAL INFORMATION
fixed length control field 960922s195u pk 000 0 pusr
010 ## - LIBRARY OF CONGRESS CONTROL NUMBER
LC control number sa 66001013
025 ## - OVERSEAS ACQUISITION NUMBER
Overseas acquisition number PL480:P-Pushto-214
035 ## - SYSTEM CONTROL NUMBER
System control number (OCoLC)35601611
040 ## - CATALOGING SOURCE
Original cataloging agency DLC
Transcribing agency CLU
Modifying agency CLU
-- DLC
042 ## - AUTHENTICATION CODE
Authentication code premarc
050 00 - LIBRARY OF CONGRESS CALL NUMBER
Classification number PK6820.J3
Item number Q55
100 0# - MAIN ENTRY--PERSONAL NAME
Personal name Jamshayd.
245 10 - TITLE STATEMENT
Title Qiṣṣah da Pīr Bābā,
Remainder of title balkay u qadrạy.
Statement of responsibility, etc. Author Jamshayd da Topạy.
260 ## - PUBLICATION, DISTRIBUTION, ETC.
Place of publication, distribution, etc. Pishāwar Shahar,
Name of publisher, distributor, etc. ʻAbd al-Khāliq wa Faz̤al Mālik
Date of publication, distribution, etc. [195-]
300 ## - PHYSICAL DESCRIPTION
Extent 80 p.
Dimensions 18 cm.

No items available.

Powered by Koha